| 000 | 00707nam a2200193 i 4500 | ||
|---|---|---|---|
| 001 | 185670 | ||
| 003 | ES-MaACL | ||
| 005 | 20250905164759.0 | ||
| 008 | 160802q1905 fr |||| | fre d | ||
| 245 | 0 | 3 |
_aLe Méxique au début du XXe. siècle / _cpar Mm. le Prince Roland Bonaparte, Léon Bourgeois, Jules Claretie... |
| 260 |
_aParis : _bCh. Delagrave, _c[1905?] ( _fF. Schmidt Fils) |
||
| 300 |
_a2 v., 3 lám. y 5 map. col. : _bil. ; _c31 cm. |
||
| 651 | 4 |
_aMéxico- _xHistoria. _99062 |
|
| 700 | 1 |
_aBonaparte, Roland, _d1858-1924 _9160288 |
|
| 700 | 0 |
_aBourgeois, Léon. _930985 |
|
| 700 | 1 |
_aClaretie, Jules, _d1840-1913 _9160289 |
|
| 852 |
_aES-MaACL _jG-6341-42 |
||
| 999 |
_c185670 _d185670 |
||